Mechanics of materials / (Record no. 13697)
[ view plain ]
| 000 -LEADER | |
|---|---|
| fixed length control field | 01144cam a22003375a 4500 |
| 001 - CONTROL NUMBER | |
| control field | 15742450 |
| 005 - DATE AND TIME OF LATEST TRANSACTION | |
| control field | 20201128020816.0 |
| 008 - FIXED-LENGTH DATA ELEMENTS--GENERAL INFORMATION | |
| fixed length control field | 090518t2008 si a frb 0001 eng d |
| 010 ## - LIBRARY OF CONGRESS CONTROL NUMBER | |
| LC control number | 2009278262 |
| 020 ## - INTERNATIONAL STANDARD BOOK NUMBER | |
| International Standard Book Number | 9789810679941 |
| 020 ## - INTERNATIONAL STANDARD BOOK NUMBER | |
| International Standard Book Number | 9810679947 |
| 035 ## - SYSTEM CONTROL NUMBER | |
| System control number | (OCoLC)ocn173717649 |
| 040 ## - CATALOGING SOURCE | |
| Original cataloging agency | UKM |
| Language of cataloging | eng |
| Transcribing agency | UKM |
| Modifying agency | EG-ScBUE |
| -- | EG-ScBUE |
| 082 04 - DEWEY DECIMAL CLASSIFICATION NUMBER | |
| Classification number | 620.1123 |
| Item number | HIB |
| Edition number | 22 |
| 100 1# - MAIN ENTRY--PERSONAL NAME | |
| Personal name | Hibbeler, R. C. |
| 9 (RLIN) | 10021 |
| 245 10 - TITLE STATEMENT | |
| Title | Mechanics of materials / |
| Statement of responsibility, etc | R. C. Hibbeler ; SI Conversion by S. C. Fan. |
| 250 ## - EDITION STATEMENT | |
| Edition statement | 7th ed. |
| 260 ## - PUBLICATION, DISTRIBUTION, ETC. (IMPRINT) | |
| Place of publication, distribution, etc | Jurong : |
| Name of publisher, distributor, etc | Prentice Hall / Pearson Education South Asia Pte., |
| Date of publication, distribution, etc | c.2008. |
| 300 ## - PHYSICAL DESCRIPTION | |
| Extent | xvi, 909 p. : |
| Other physical details | ill. (chiefly col.) ; |
| Dimensions | 24 cm. |
| 500 ## - GENERAL NOTE | |
| General note | Index : p. 897-909. |
| 500 ## - GENERAL NOTE | |
| General note | Access to www.pearsoned-asia.com/hibbeler. |
| 504 ## - BIBLIOGRAPHY, ETC. NOTE | |
| Bibliography, etc | Includes bibliographical references. |
| 650 #7 - SUBJECT ADDED ENTRY--TOPICAL TERM | |
| Topical term or geographic name as entry element | Materials. |
| Source of heading or term | BUEsh |
| 9 (RLIN) | 1256 |
| 650 #0 - SUBJECT ADDED ENTRY--TOPICAL TERM | |
| Topical term or geographic name as entry element | Strength of materials. |
| Source of heading or term | BUEsh |
| 9 (RLIN) | 10669 |
| 650 #0 - SUBJECT ADDED ENTRY--TOPICAL TERM | |
| Topical term or geographic name as entry element | Structural analysis (Engineering) |
| 9 (RLIN) | 12763 |
| Source of heading or term | BUEsh |
| 651 ## - SUBJECT ADDED ENTRY--GEOGRAPHIC NAME | |
| Source of heading or term | BUEsh |
| 653 ## - INDEX TERM--UNCONTROLLED | |
| Resource For college | Engineering, Mechanical |
| Arrived date list | August2015 |
| -- | February2016 |
| 700 1# - ADDED ENTRY--PERSONAL NAME | |
| Personal name | Fan, S. C., |
| Relator term | editor. |
| 856 42 - ELECTRONIC LOCATION AND ACCESS | |
| Uniform Resource Identifier | <a href="http://www.prenhall.com/hibbeler">http://www.prenhall.com/hibbeler</a> |
| 942 ## - ADDED ENTRY ELEMENTS (KOHA) | |
| Source of classification or shelving scheme | Dewey Decimal Classification |
| Withdrawn status | Item status | Source of classification or shelving scheme | Damaged status | Not for loan | Vendor | Home library | Current library | Shelving location | Date acquired | Source of acquisition | Total Checkouts | Full call number | Barcode | Date last seen | Date last borrowed | Koha item type | Total Renewals |
|---|---|---|---|---|---|---|---|---|---|---|---|---|---|---|---|---|---|
| Dewey Decimal Classification | Baccah | Central Library | Central Library | First floor | 15/03/2010 | Purchase | 3 | 620.1123 HIB | 000020225 | 15/07/2025 | 13/04/2013 | NB - Book (Non borrowing) | |||||
| Dewey Decimal Classification | Baccah | Central Library | Central Library | First floor | 15/03/2010 | Purchase | 7 | 620.1123 HIB | 000020226 | 15/07/2025 | 01/12/2018 | Book - Borrowing | 31 | ||||
| Dewey Decimal Classification | Baccah | Central Library | Central Library | First floor | 15/03/2010 | Purchase | 15 | 620.1123 HIB | 000020227 | 15/07/2025 | 17/01/2016 | Book - Borrowing | 65 | ||||
| Dewey Decimal Classification | Baccah | Central Library | Central Library | First floor | 15/03/2010 | Purchase | 17 | 620.1123 HIB | 000020228 | 15/07/2025 | 07/03/2016 | Book - Borrowing | 55 | ||||
| Dewey Decimal Classification | Baccah | Central Library | Central Library | First floor | 15/03/2010 | Purchase | 18 | 620.1123 HIB | 000020229 | 15/07/2025 | 03/10/2019 | Book - Borrowing | 198 |